Cheaper to move house (Record no. 69862)

MARC details
000 -LEADER
fixed length control field 00915cam a2200217 4500
001 - CONTROL NUMBER
control field WB3812-17
008 - FIXED-LENGTH DATA ELEMENTS--GENERAL INFORMATION
fixed length control field 020328n2002 000 0 eng u
035 ## - SYSTEM CONTROL NUMBER
System control number (Sirsi) u117273
245 ## - TITLE STATEMENT
Title Cheaper to move house
260 ## - PUBLICATION, DISTRIBUTION, ETC.
Date of publication, distribution, etc. 2002
490 ## - SERIES STATEMENT
Series statement Woolwich Building Society
Volume/sequential designation 28 March 2002, (3)
520 ## - SUMMARY, ETC.
Summary, etc. Survey for Woolwich Building Society shows cost of moving home is falling despite the current property boom. The average cost of moving from a £100 000 home in England and Wales is now £4303, down 4% compared to one year ago. For the Woolwich news release: http://www.woolwich.co.uk/default.asp?Content=/content/crp/hotnews/svcom2002/svcom04f.htm
590 ## - LOCAL NOTE (RLIN)
Local note WB
650 ## - SUBJECT ADDED ENTRY--TOPICAL TERM
Topical term or geographic name entry element WOOLWICH BUILDING SOCIETY
650 ## - SUBJECT ADDED ENTRY--TOPICAL TERM
Topical term or geographic name entry element PROPERTY PRICES
650 ## - SUBJECT ADDED ENTRY--TOPICAL TERM
Topical term or geographic name entry element LONDON
650 ## - SUBJECT ADDED ENTRY--TOPICAL TERM
Topical term or geographic name entry element MOVING HOUSE
650 ## - SUBJECT ADDED ENTRY--TOPICAL TERM
Topical term or geographic name entry element HOUSE PRICES
690 ## - LOCAL SUBJECT ADDED ENTRY--TOPICAL TERM (OCLC, RLIN)
Topical term or geographic name as entry element PROPERTY-RESIDENTIAL PROPERTY-RESIDENTIAL PROPERTY MARKET
942 ## - ADDED ENTRY ELEMENTS (KOHA)
Suppress in OPAC 0
Holdings
Withdrawn status Lost status Source of classification or shelving scheme Damaged status Not for loan Home library Current library Shelving location Date acquired Total Checkouts Full call number Barcode Date last seen Copy number Price effective from Koha item type
    Dewey Decimal Classification     London London News article 28/03/2002   WB3812-17 117273-1001 06/08/2019 1 06/08/2019 News article